Collaborative planning, forecasting, and replenishment: how to create a supply chain advantage

Guardat en:
Dades bibliogràfiques
Autor principal: Seifert, Dirk (Autor)
Format: Llibre
Idioma:anglès
Publicat: Nueva York Amacom 2003
Col·lecció:Manufacturing
Matèries:
Etiquetes: Afegir etiqueta
Sense etiquetes, Sigues el primer a etiquetar aquest registre!

MARC

LEADER 00000nam a2200000 a 4500
001 UCK1406
003 CL-VaPUC
008 041112e20030000US |||||||||||||||||eng|d
020 |a 081447182X 
082 0 4 |a 658.5  |b SEI  |2 21 
100 0 |a Seifert, Dirk  |e author  |9 489214 
245 1 0 |a Collaborative planning, forecasting, and replenishment: how to create a supply chain advantage 
300 |a 411 p 
942 |c BK 
945 |d 20041112 00:00:00  |a cmena 
260 |a Nueva York  |b Amacom  |c 2003 
650 7 |a LOGISTICA  |2 CL-VaPUC  |9 485423 
650 0 |a Administración de empresas   |9 260833 
650 0 |a Planificación estratégica   |9 259735 
650 0 |a Gestión de la producción   |9 259467 
583 |a last modification  |c 20041112 00:00:00  |k Rodrigo Vera 
490 0 |a Manufacturing 
999 |c 311375  |d 311373 
952 |0 0  |1 0  |4 0  |6 658_500000000000000_SEI_2003  |7 0  |8 A  |9 380756  |a BIBING  |b BIBING  |d 2019-11-21  |i 4078578  |o 658.5 SEI 2003  |p 4078578  |r 2025-01-20  |w 2019-11-21  |y BK  |k EII